000 00447nam a22001817a 4500
003 NUST - PNEC
005 20170116180932.0
008 150906b xxu||||| |||| 00| 0 eng d
020 _a-
040 _cLIBRARY
082 _a621.3132 DAW
100 _98354
_aDawes, Chester
245 _aIndustrial Electricity Vol I
_cChester Dawes
250 _a3rd ed.
260 _cc.1956
650 _98350
_aElectrical engineering
_xEE
942 _2ddc
_cBK
999 _c65951
_d65951